Science Quiz

Random Science or Clickable Quiz

Identify the Greenhouse Gases Quiz Stats

 Plays Quiz not verified by Sporcle

Support Sporcle.
Go Orange.
Score 0/12 Timer 02:00
0 Plays Today
% Correct
Carbon dioxide (C02)
97.4%
Methane (CH4)
97.4%
Hydrochlorofluorocarbons (HCFCs)
90.8%
Nitrous oxide (N2O)
85.5%
Chlorofluorocarbons (CFCs)
84.2%
Hydrofluorocarbons (HFCs)
84.2%
Water vapor
80.3%
Sulfur hexaflouride (SF6)
78.9%
Ozone (O3)
77.6%
Fluorocarbons
72.4%
Carbon tetrachloride (CCl4)
69.7%
Halons
30.3%

You're not logged in!

Compare scores with friends on all Sporcle quizzes.
OR
Log In

From the Vault

Ruined By A Letter: Movies (2000s) II

by samc67

Just one bad letter can ruin a whole movie.
Remove Ads.
Support Sporcle.
Get the best of Sporcle when you Go Orange. This ad-free experience offers more features, more stats, and more fun while also helping to support Sporcle. Thank you for becoming a member.

Show Comments

Extras

Top Quizzes Today


Score Distribution

Your Account Isn't Verified!

In order to create a playlist on Sporcle, you need to verify the email address you used during registration. Go to your Sporcle Settings to finish the process.

Report this User

Report this user for behavior that violates our Community Guidelines.

Details: